000
00301nam a22001217a 4500
008
180419b xxu||||| |||| 00| 0 eng d
041
_a
eng
080
_a
043.3
100
_a
0
101
_a
MEK-BTH
245
_a
Hapja Deres ne Menyre Automatike permes Smartphone Android
_c
Hasaj, A
942
_2
udc
_c
BK
999
_c
45298
_d
45298